000 00865nam a22002897a 4500
001 4334
003 FISKH
005 20240722144935.0
008 240722b cb ||||| |||| 00| 0 eng d
020 _a9780545149716
040 _aFISKH
_beng
_cFISKH
_dFISKH
050 _aPZ7
082 _a813.54
100 _aLabatt, Mary
245 _aSam wants to play /
_cWritten by Mary Labatt ; Illustrated by Marisol Sarrazin
250 _aFirst Scholastic printing, February 2009
260 _aNew York ;
_bScholastic,
_c2006.
300 _a32 pages :
_bcolor illustrations ;
_c23 cm
505 _aG
520 _aSam the puppy wants to play with the new kids that moved in next door.
521 8 _a380
_bLexile
521 8 _aG
_bRaz-Plus
650 _aAnimals
_xPets
700 _aSarrazin, Marisol
942 _2ddc
_cBK
_n0
999 _c4334
_d4334